Statistics for Sinnoh Pokemon

Click here to take the quiz!

General Stats

  • This quiz has been taken 242 times
  • The average score is 74 of 107

Answer Stats

#Name% Correct
390Chimchar
98%
393Piplup
98%
392Infernape
97%
395Empoleon
96%
484Palkia
96%
389Torterra
96%
387Turtwig
96%
483Dialga
94%
391Monferno
94%
394Prinplup
94%
388Grotle
93%
396Starly
93%
398Staraptor
92%
397Staravia
91%
493Arceus
87%
487Giratina
87%
491Darkrai
86%
399Bidoof
85%
405Luxray
85%
403Shinx
85%
404Luxio
84%
480Uxie
83%
400Bibarel
82%
481Mesprit
82%
482Azelf
81%
467Magmortar
80%
445Garchomp
79%
443Gible
79%
444Gabite
78%
466Electivire
77%
407Roserade
76%
492Shaymin
75%
406Budew
74%
418Buizel
74%
408Cranidos
74%
488Cresselia
74%
419Floatzel
74%
485Heatran
74%
409Rampardos
73%
402Kricketune
72%
448Lucario
72%
410Shieldon
72%
411Bastiodon
71%
401Kricketot
71%
447Riolu
71%
415Combee
70%
486Regigigas
69%
489Phione
68%
490Manaphy
67%
460Abomasnow
66%
471Glaceon
66%
470Leafeon
66%
429Mismagius
66%
461Weavile
66%
432Purugly
65%
479Rotom
65%
416Vespiquen
65%
412Burmy
64%
478Froslass
64%
431Glameow
64%
459Snover
64%
413Wormadam
64%
420Cherubi
63%
417Pachirisu
63%
468Togekiss
63%
425Drifloon
62%
446Munchlax
62%
421Cherrim
61%
430Honchkrow
61%
414Mothim
61%
422Shellos
61%
435Skuntank
61%
442Spiritomb
61%
437Bronzong
60%
436Bronzor
60%
452Drapion
60%
426Drifblim
60%
423Gastrodon
60%
434Stunky
60%
454Toxicroak
60%
427Buneary
59%
428Lopunny
59%
451Skorupi
59%
453Croagunk
58%
477Dusknoir
58%
475Gallade
58%
440Happiny
58%
438Bonsly
57%
450Hippowdon
57%
473Mamoswine
56%
469Yanmega
56%
472Gliscor
55%
449Hippopotas
55%
457Lumineon
55%
465Tangrowth
54%
456Finneon
53%
462Magnezone
53%
439Mime Jr.
53%
455Carnivine
52%
464Rhyperior
52%
433Chingling
51%
441Chatot
50%
474Porygon-Z
50%
476Probopass
49%
424Ambipom
48%
463Lickilicky
47%
458Mantyke
45%

Score Distribution

Percentile by Number Answered

Percent of People with Each Score

Your Score History

You have not taken this quiz